Đất mới vỡ Truyện

Wedi'i Gadw mewn:
Manylion Llyfryddiaeth
Prif Awdur: Trần Thanh Giao
Fformat: Llyfr
Iaith:Undetermined
Cyhoeddwyd: Hà Nội Phụ nữ 1979
Pynciau:
Tagiau: Ychwanegu Tag
Dim Tagiau, Byddwch y cyntaf i dagio'r cofnod hwn!
Thư viện lưu trữ: Trung tâm Học liệu Trường Đại học Cần Thơ
LEADER 00489nam a2200181Ia 4500
001 CTU_10487
008 210402s9999 xx 000 0 und d
082 |a 895.9223 
082 |b Gi108đ 
100 |a Trần Thanh Giao 
245 0 |a Đất mới vỡ 
245 0 |b Truyện 
245 0 |c Trần Thanh Giao 
260 |a Hà Nội 
260 |b Phụ nữ 
260 |c 1979 
650 |a vietnamese literature 
980 |a Trung tâm Học liệu Trường Đại học Cần Thơ